000 00789nas a2200265 4500
001 BR2010000150
003 BR-BrBNA
005 20231205113815.0
007 ta
008 230509b bl.|||p| |||| 00| 00por d
040 _aBR-BrBNA
_bpor
_cBiblioteca Nacional de Agricultura
041 _a(Pt)
072 _aH10
100 1 _aTorres, G.R. de C.
100 1 _aMedeiros, H.A. de
100 1 _aSales Júnior, R.
100 1 _aMoura, R.M. de
245 1 _aOcorrência de Hoplolainus galeatus associado à rizosfera de bananeira no Brasil
650 _aBANANA
650 _aNEMATÓIDE
650 _aSISTEMA RADICULAR
773 0 _tCaatinga (Brazil)
_xISSN 0100-316X
_g(2007), v. 20(2) p. 113-117
_wBR2010000150
909 _a202311
_bLúcia
_c55
_dLúcia Elande
942 _2AGRIS
_n0
_cANA
999 _c205723
_d205723